000 00802nam a2200337Ia 4500
001 42183
005 20240114003454.0
007 ta
008 080611s g b000 u 465 u
020 _cHB
040 _aCotton College,Assam
041 _a465
082 _a530
_bT 149 P
100 _aTalukdar, A .
245 0 _aPadarthar sadharan Dharma /
_cA Talukdar and T Dev Goswami.
_hTextual Documents
260 _aGauhati :
_bGauhati university ,
_c1978.
653 _aPhysics
653 _aT/G-Physics
653 _aT/PG-Physics
653 _aT/G-Physics
942 _2ddc
_cBK
999 _c42149
_d42149